Titres de l'album "Lithopédion" de Damso - Statistiques

Statistiques générales
  • Ce quiz a été pris 227 fois
  • Le résultat moyen est 12 sur 18
Statistiques - réponses
Hint Réponse % Correct
4 Julien
87%
8 Smog
78%
3 Baltringue
77%
17 Ipséité
77%
6 Feu de Bois
74%
5 Silence
74%
1 Introduction
71%
16 William
71%
9 60 Années
69%
18 Humains
69%
2 Festival de Rêves
67%
11 Dix Leurres
62%
12 NMI
57%
10 Aux Paradis
56%
15 Noir Meilleur
56%
13 Perplexe
53%
14 Tard la Night
52%
7 Même Issue
48%
Aucun quiz correspondant
Distribution des résultats
% des personnes avec chaque résultat
Percentile par nombre de réponses
Votre historique - résultats
Vous n’avez pas pris ce quiz